[Event "Oberliga Nord W 1011"]
[Site "Germany"]
[Date "2010.10.24"]
[Round "2.8"]
[White "Reichert, Matthias"]
[Black "Schaar, Andreas"]
[Result "1/2-1/2"]
[WhiteElo "2092"]
[BlackElo "1990"]
[PlyCount "59"]
[EventDate "2010.10.10"]
[EventType "team-tourn"]
[EventRounds "9"]
[EventCountry "GER"]
[SourceTitle "EXT 2012"]
[Source "ChessBase"]
[SourceDate "2011.11.24"]
[SourceVersion "1"]
[SourceVersionDate "2011.11.24"]
[SourceQuality "1"]
[WhiteTeam "Schinkel"]
[BlackTeam "Nordhorn Blanke"]
[WhiteTeamCountry "GER"]
[BlackTeamCountry "GER"]

1. d4 d5 2. Nf3 Nf6 3. Bf4 e6 4. e3 c5 5. c3 Nbd7 6. Nbd2 Be7 7. Bd3 b6 8. Ne5 Bb7 9. 0-0 0-0 10. Qf3 c4 11. Bxc4 Ne4 12. Nxe4 dxc4 13. Nf6+ Bxf6 14. Qxb7 Bxe5 15. dxe5 Nc5 16. Qf3 Qd2 17. Rab1 Qc2 18. Qd1 Qxd1 19. Rfxd1 Rfd8 20. Rd4 Nd3 21. Kf1 Rxd4 22. cxd4 Rd8 23. Bg5 Rd5 24. Ke2 f6 25. b3 cxb3 26. axb3 Nxe5 27. Bf4 Nd7 28. Rc1 e5 29. dxe5 fxe5 30. Bg3 1/2-1/2

[Event "Niedersachsen-ch op"]
[Site "Verden"]
[Date "2009.01.05"]
[Round "6"]
[White "Schaar, Andreas"]
[Black "Bounine, Daniel"]
[Result "1-0"]
[WhiteElo "1985"]
[BlackElo "1720"]
[PlyCount "65"]
[EventDate "2009.01.03"]
[EventType "swiss"]
[EventRounds "7"]
[EventCountry "GER"]
[SourceTitle "EXT 2012"]
[Source "ChessBase"]
[SourceDate "2011.11.24"]
[SourceVersion "1"]
[SourceVersionDate "2011.11.24"]
[SourceQuality "1"]

1. d4 d5 2. c4 e6 3. Nc3 Nf6 4. Bg5 Nbd7 5. cxd5 exd5 6. e3 c6 7. Nf3 Qa5 8. Nd2 Ne4 9. Ndxe4 dxe4 10. Bf4 Nb6 11. Bc7 Bb4 12. Qc2 f5 13. Bc4 Bxc3+ 14. bxc3 Qa3 15. Bb3 Nd5 16. Be5 0-0 17. 0-0 Kh8 18. Bxd5 cxd5 19. c4 Be6 20. c5 Rac8 21. Rab1 Qa6 22. Qb3 Rf7 23. Rfc1 h6 24. Rc3 Kh7 25. Qb2 Rd8 26. Ra3 Qc6 27. Rxa7 Rdd7 28. Qa3 Rd8 29. Rb6 Qc8 30. Qb4 Rdd7 31. Ra3 Rfe7 32. Bd6 Re8 33. Ra7 1-0

[Event "Niedersachsen-ch op"]
[Site "Verden"]
[Date "2009.01.03"]
[Round "1"]
[White "Stummeyer, Dieter"]
[Black "Schaar, Andreas"]
[Result "1-0"]
[WhiteElo "1747"]
[BlackElo "1985"]
[PlyCount "125"]
[EventDate "2009.01.03"]
[EventType "swiss"]
[EventRounds "7"]
[EventCountry "GER"]
[SourceTitle "EXT 2012"]
[Source "ChessBase"]
[SourceDate "2011.11.24"]
[SourceVersion "1"]
[SourceVersionDate "2011.11.24"]
[SourceQuality "1"]

1. e4 d5 2. exd5 Qxd5 3. Nc3 Qa5 4. d4 c6 5. Bd2 Nf6 6. Bc4 Bf5 7. Nf3 e6 8. Nd5 Qd8 9. Ne3 Be4 10. c3 Bd6 11. 0-0 Qc7 12. g3 Nbd7 13. Re1 0-0 14. Bb3 Bg6 15. Nc4 c5 16. Nxd6 Qxd6 17. Bf4 Qc6 18. Ne5 Nxe5 19. Bxe5 Ne4 20. d5 Qb6 21. dxe6 fxe6 22. f3 Rad8 23. Qe2 Ng5 24. f4 Rd2 25. fxg5 Rxe2 26. Rxe2 c4+ 27. Bd4 Qb5 28. Re5 Qc6 29. Rc5 Qf3 30. Rc7 e5 31. Bxc4+ Bf7 32. Rf1 Qxf1+ 33. Bxf1 exd4 34. cxd4 Bd5 35. Bc4 Bxc4 36. Rxc4 b5 37. Rc7 Rd8 38. Rxa7 Rxd4 39. b3 Rg4 40. Ra5 Rd4 41. Kg2 Kf7 42. h4 b4 43. Kf3 Kg6 44. g4 Rd3+ 45. Ke4 Rg3 46. h5+ Kf7 47. Kf4 Rg2 48. Ra7+ Kf8 49. a4 Rb2 50. h6 gxh6 51. gxh6 Kg8 52. a5 Rxb3 53. a6 Ra3 54. Rg7+ Kf8 55. a7 b3 56. Rxh7 b2 57. Rb7 Ra4+ 58. Kg5 Ra5+ 59. Kh4 Rxa7 60. Rxb2 Kf7 61. Rb6 Ra5 62. g5 Ra7 63. g6+ 1-0

[Event "Niedersachsen-ch"]
[Site "Verden"]
[Date "2008.01.05"]
[Round "5"]
[White "Schaar, Andreas"]
[Black "Sawadkuhi, Massoud Amir"]
[Result "1/2-1/2"]
[WhiteElo "2026"]
[BlackElo "2233"]
[PlyCount "91"]
[EventDate "2008.01.03"]
[EventType "swiss"]
[EventRounds "7"]
[EventCountry "GER"]
[SourceTitle "EXT 2010"]
[Source "ChessBase"]
[SourceDate "2010.11.25"]
[SourceVersion "1"]
[SourceVersionDate "2010.11.25"]
[SourceQuality "1"]

1. d4 Nf6 2. Nf3 e6 3. e3 c5 4. c3 b6 5. Bd3 Bb7 6. Nbd2 Nc6 7. 0-0 d5 8. Qe2 Qc7 9. dxc5 Bxc5 10. e4 dxe4 11. Nxe4 Be7 12. Bg5 h6 13. Bh4 Nxe4 14. Bxe4 Bxh4 15. Nxh4 0-0 16. Rad1 Rad8 17. Nf3 Ne7 18. Bxb7 Qxb7 19. c4 Ng6 20. g3 Qe7 21. b3 Qf6 22. Kg2 Qc3 23. Rxd8 Rxd8 24. Rd1 Qf6 25. Rd2 e5 26. Qe3 Rxd2 27. Nxd2 Qd8 28. b4 Qc7 29. c5 bxc5 30. bxc5 Nf8 31. Nb3 Nd7 32. Qc3 Nb8 33. Qa5 Qb7+ 34. f3 Nc6 35. Qd2 Qb5 36. Kf2 a5 37. Qe2 Qb7 38. Qc4 g6 39. a4 Kg7 40. Qc3 Qe7 41. Ke3 h5 42. h4 f6 43. Qc4 Qd7 44. Qd3 Qe6 45. Qc3 Qd5 46. Qd3 1/2-1/2

[Event "Oberliga Nord W 0708"]
[Site "Germany"]
[Date "2007.12.09"]
[Round "4.8"]
[White "Schaar, Andreas"]
[Black "Ljubarskij, Jurij"]
[Result "0-1"]
[WhiteElo "2057"]
[BlackElo "2298"]
[PlyCount "114"]
[EventDate "2007.10.21"]
[EventType "team-tourn"]
[EventRounds "9"]
[EventCountry "GER"]
[SourceTitle "EXT 2009"]
[Source "ChessBase"]
[SourceDate "2008.11.26"]
[SourceVersion "1"]
[SourceVersionDate "2008.11.26"]
[SourceQuality "1"]
[WhiteTeam "Nordhorn Blanke"]
[BlackTeam "Hannover PSC"]
[WhiteTeamCountry "GER"]
[BlackTeamCountry "GER"]

1. d4 d5 2. Nf3 c6 3. e3 Nf6 4. Bd3 Nbd7 5. Nbd2 e6 6. 0-0 Bd6 7. e4 dxe4 8. Nxe4 Nxe4 9. Bxe4 Nf6 10. Bd3 h6 11. Qe2 Qc7 12. Re1 Bd7 13. Ne5 Bxe5 14. dxe5 Nd5 15. c4 Nb4 16. a3 Nxd3 17. Qxd3 c5 18. Qc3 0-0 19. Be3 a5 20. Rad1 b6 21. Rd6 a4 22. Qd2 Be8 23. Bxh6 gxh6 24. Qxh6 f5 25. Re3 f4 26. Rh3 Qg7 27. Rxe6 Rd8 28. Rd6 Rxd6 29. Qxd6 Qg6 30. Rd3 f3 31. Qxg6+ Bxg6 32. Rd6 Be4 33. gxf3 Bxf3 34. Rxb6 Rf5 35. Rg6+ Kf7 36. Rg3 Ke6 37. Kf1 Kxe5 38. Ke1 Kd4 39. Kd2 Kxc4 40. Ke3 Bd5 41. Ke2 Rh5 42. Rc3+ Kb5 43. h3 Be6 44. Kd2 Bxh3 45. b4 axb3 46. Rxb3+ Ka4 47. Rc3 Be6 48. Kc2 Rf5 49. f3 Bd5 50. f4 c4 51. Re3 Rxf4 52. Kb2 Rf2+ 53. Kc3 Ra2 54. Kd4 Rxa3 55. Re2 Rd3+ 56. Kc5 c3 57. Ra2+ Kb3 0-1

[Event "Goch op 18th"]
[Site "Goch"]
[Date "2007.10.05"]
[Round "2"]
[White "Schaar, Andreas"]
[Black "Thiel, Kuno"]
[Result "0-1"]
[WhiteElo "2026"]
[BlackElo "2243"]
[PlyCount "56"]
[EventDate "2007.10.04"]
[EventType "swiss"]
[EventRounds "7"]
[EventCountry "GER"]
[SourceTitle "EXT 2011"]
[Source "ChessBase"]
[SourceDate "2010.11.26"]
[SourceVersion "1"]
[SourceVersionDate "2010.11.26"]
[SourceQuality "1"]

1. d4 Nf6 2. Nf3 e6 3. e3 b6 4. Bd3 Bb7 5. Nbd2 Be7 6. 0-0 c5 7. Qe2 0-0 8. b3 cxd4 9. exd4 Nd5 10. Ne4 f5 11. Ng3 Qc7 12. Nh5 g6 13. c4 Nc3 14. Qe1 Ne4 15. Ng3 d5 16. cxd5 exd5 17. Bb2 Nc6 18. Rc1 Qd8 19. a3 Na5 20. Qd1 Ng5 21. b4 Nc4 22. Bxc4 dxc4 23. Ne5 f4 24. Nh1 f3 25. Nxf3 Bxf3 26. gxf3 Nxf3+ 27. Kg2 Qd5 28. Rg1 Nd2+ 0-1

[Event "Oberliga Nord W 0607"]
[Site "Germany"]
[Date "2006.10.15"]
[Round "1.8"]
[White "Hoffmann, Lukas"]
[Black "Schaar, Andreas"]
[Result "0-1"]
[WhiteElo "2151"]
[BlackElo "2105"]
[PlyCount "118"]
[EventDate "2006.10.15"]
[EventType "team-tourn"]
[EventRounds "9"]
[EventCountry "GER"]
[SourceTitle "EXT 2008"]
[Source "ChessBase"]
[SourceDate "2007.11.25"]
[SourceVersion "1"]
[SourceVersionDate "2007.11.25"]
[SourceQuality "1"]
[WhiteTeam "Hannover Post"]
[BlackTeam "Nordhorn Blanke"]
[WhiteTeamCountry "GER"]
[BlackTeamCountry "GER"]

1. e4 d5 2. Nc3 dxe4 3. Nxe4 Qd5 4. Nc3 Qa5 5. g3 Nf6 6. Bg2 c6 7. Nge2 e5 8. 0-0 Bd6 9. d4 0-0 10. Bg5 Nbd7 11. d5 Qc7 12. dxc6 bxc6 13. Nb5 cxb5 14. Bxa8 h6 15. Bxf6 Nxf6 16. Bg2 Ba6 17. Qd2 b4 18. Rfd1 Bc5 19. h3 Qb6 20. Nc1 e4 21. Re1 Rd8 22. Nd3 exd3 23. Rad1 Rd6 24. cxd3 b3 25. a3 Rxd3 26. Qf4 Qd6 27. Qxd6 Rxd6 28. Rxd6 Bxd6 29. Bf1 Bxf1 30. Kxf1 Bc5 31. Rd1 Kf8 32. Rd3 Ne4 33. f4 a5 34. Ke2 Bxa3 35. Rxb3 Bb4 36. Rd3 Ke7 37. Rd5 f6 38. Kf3 Nd2+ 39. Kg4 g6 40. f5 Nc4 41. Rb5 Ne3+ 42. Kf4 Nxf5 43. Rb7+ Ke6 44. g4 Nd6 45. Rg7 g5+ 46. Kf3 Nc4 47. Rh7 Nxb2 48. Rxh6 Nd3 49. Ke4 Ne5 50. Rh7 a4 51. h4 gxh4 52. Rxh4 Nxg4 53. Rh8 f5+ 54. Kf3 Ne5+ 55. Ke2 f4 56. Ra8 a3 57. Ra4 Nc6 58. Ra6 Kd5 59. Kf3 Bc5 0-1

[Event "Niedersachsen-ch"]
[Site "Verden"]
[Date "2006.01.06"]
[Round "3"]
[White "Schaar, Andreas"]
[Black "Lubbe, Nikolas"]
[Result "0-1"]
[WhiteElo "2090"]
[BlackElo "2229"]
[PlyCount "92"]
[EventDate "2006.01.??"]
[EventType "swiss"]
[EventRounds "7"]
[EventCountry "GER"]
[SourceTitle "CBM 110 Extra"]
[Source "ChessBase"]
[SourceDate "2006.03.10"]
[SourceVersion "2"]
[SourceVersionDate "2006.03.10"]
[SourceQuality "1"]

1. d4 Nf6 2. Nf3 d5 3. c4 e6 4. cxd5 exd5 5. Bg5 c6 6. Qc2 Qa5+ 7. Nc3 Ne4 8. Bd2 Nxd2 9. Qxd2 Be7 10. e3 0-0 11. Bd3 Nd7 12. 0-0 f5 13. Qc2 g6 14. a3 Qd8 15. b4 a6 16. Rab1 Bd6 17. a4 b5 18. a5 Qe7 19. Na2 Bb7 20. Rfe1 Nf6 21. Nd2 Rae8 22. g3 h5 23. f4 h4 24. Nf3 hxg3 25. hxg3 Kg7 26. Nh4 Rh8 27. Re2 Rh5 28. Bxf5 gxf5 29. Nxf5+ Rxf5 30. Qxf5 Bc8 31. Qg5+ Kf7 32. e4 Rg8 33. Qh4 Rg4 34. Qh3 dxe4 35. Rbe1 Bxf4 36. Rxe4 Qxe4 37. Rxe4 Rxg3+ 38. Qxg3 Bxg3 39. Re3 Bd6 40. Rc3 Bd7 41. Kf1 Nd5 42. Rb3 Be6 43. Rb2 Ke7 44. Ke1 Kd7 45. Kd2 Bf4+ 46. Ke1 Be3 0-1

[Event "Goch op 16th"]
[Site "Goch"]
[Date "2005.10.03"]
[Round "6"]
[White "Schueppel, Werner"]
[Black "Schaar, Andreas"]
[Result "1-0"]
[WhiteElo "1934"]
[BlackElo "2129"]
[PlyCount "39"]
[EventDate "2005.09.30"]
[EventType "swiss"]
[EventRounds "7"]
[EventCountry "GER"]
[SourceTitle "EXT 2007"]
[Source "ChessBase"]
[SourceDate "2006.11.23"]
[SourceVersion "1"]
[SourceVersionDate "2006.11.23"]
[SourceQuality "1"]

1. d4 d5 2. Nf3 e6 3. c4 dxc4 4. e4 c5 5. d5 exd5 6. exd5 Bd6 7. Bxc4 Ne7 8. 0-0 0-0 9. Nc3 a6 10. a4 b6 11. Ne4 Bb7 12. g3 Ng6 13. Nfg5 h6 14. Nxd6 Qxd6 15. Ne4 Qe5 16. Re1 Qc7 17. Qh5 Nd7 18. d6 Qc6 19. Qxg6 Rae8 20. Bxh6 1-0

[Event "Goch op 16th"]
[Site "Goch"]
[Date "2005.10.02"]
[Round "4"]
[White "Thevessen, Hubert"]
[Black "Schaar, Andreas"]
[Result "0-1"]
[WhiteElo "1629"]
[BlackElo "2129"]
[PlyCount "70"]
[EventDate "2005.09.30"]
[EventType "swiss"]
[EventRounds "7"]
[EventCountry "GER"]
[SourceTitle "EXT 2007"]
[Source "ChessBase"]
[SourceDate "2006.11.23"]
[SourceVersion "1"]
[SourceVersionDate "2006.11.23"]
[SourceQuality "1"]

1. c4 e6 2. e4 d5 3. cxd5 exd5 4. exd5 Qxd5 5. Nc3 Qd8 6. g3 Nf6 7. Bg2 Bc5 8. Qe2+ Qe7 9. Qxe7+ Kxe7 10. Nge2 Rd8 11. 0-0 Nc6 12. a3 Ne5 13. Nb5 Bb6 14. d4 Ng6 15. Bd2 a5 16. b4 c6 17. bxa5 Bxa5 18. Bxa5 Rxa5 19. Nbc3 Bf5 20. Rfe1 Kf8 21. h4 Rda8 22. Rec1 Bd3 23. Bf3 Rxa3 24. Rxa3 Rxa3 25. h5 Ne7 26. Nf4 Bc4 27. Ne4 Nxe4 28. Bxe4 b5 29. Bxh7 Nd5 30. Be4 b4 31. Rxc4 b3 32. Rxc6 Nf6 33. Nd5 Nxd5 34. Bxd5 b2 35. Kg2 b1Q 0-1

[Event "Goch op 15th"]
[Site "Goch"]
[Date "2004.10.02"]
[Round "4"]
[White "Stefkovic, Marijan"]
[Black "Schaar, Andreas"]
[Result "0-1"]
[WhiteElo "2144"]
[BlackElo "1865"]
[PlyCount "126"]
[EventDate "2004.09.30"]
[EventType "swiss"]
[EventRounds "7"]
[EventCountry "GER"]
[SourceTitle "EXT 2006"]
[Source "ChessBase"]
[SourceDate "2005.11.24"]
[SourceVersion "1"]
[SourceVersionDate "2005.11.24"]
[SourceQuality "1"]

1. g3 Nf6 2. Bg2 d5 3. d4 e6 4. c4 c6 5. Nf3 Bd6 6. 0-0 Nbd7 7. Nc3 0-0 8. Qc2 dxc4 9. a4 e5 10. Bg5 Qc7 11. e4 h6 12. Be3 Ng4 13. Nd2 Nxe3 14. fxe3 Nf6 15. Nxc4 Ng4 16. Qe2 b6 17. Nxd6 Qxd6 18. Rad1 Nf6 19. Rd2 a5 20. Rfd1 Bb7 21. Qf3 Rfe8 22. Bf1 Qb4 23. d5 Rad8 24. Bh3 Rd6 25. Bg2 Red8 26. Qf5 Re8 27. h3 Bc8 28. Qf2 cxd5 29. exd5 Bd7 30. Ra1 Nh7 31. Ne4 Rg6 32. Nc3 Rf6 33. Qe2 Rd6 34. Kh2 f5 35. e4 g6 36. Qa6 Nf6 37. Qe2 Kg7 38. Qe3 Nh5 39. Rf1 f4 40. gxf4 Nxf4 41. Rxf4 exf4 42. Qxf4 Rf6 43. Qc7 Qd6+ 44. Qxd6 Rxd6 45. Kg3 Rf6 46. Re2 Re5 47. Re3 Rg5+ 48. Kh2 Rf2 49. Rg3 Re5 50. b3 Rb2 51. Nd1 Rd2 52. Nc3 Rb2 53. Nd1 Rd2 54. Nc3 Kf6 55. Kg1 Rg5 56. Rf3+ Ke5 57. Rf2 Rd3 58. Ne2 Rxb3 59. Kh2 Rb2 60. h4 Rg4 61. Bf3 Rxh4+ 62. Kg3 g5 63. Rg2 Rh3+ 0-1